Proclamation of Claude-Victor Perrin, duc de Bellune, (Record no. 42705)

MARC details
000 -LEADER
fixed length control field 01717cpcaa2200373 a 4500
001 - CONTROL NUMBER
control field mm 80003799
003 - CONTROL NUMBER IDENTIFIER
control field DLC
005 - DATE AND TIME OF LATEST TRANSACTION
control field 20260227111702.0
008 - FIXED-LENGTH DATA ELEMENTS--GENERAL INFORMATION
fixed length control field 800115|||||||||||| fre
010 ## - LIBRARY OF CONGRESS CONTROL NUMBER
LC control number mm 80003799
040 ## - CATALOGING SOURCE
Original cataloging agency DLC
Transcribing agency DLC
Description conventions dacs
Modifying agency DLC
041 1# - LANGUAGE CODE
Language code of text/sound track or separate title fre
-- eng
072 #7 - SUBJECT CATEGORY CODE
Subject category code C
Source lcmd
100 1# - MAIN ENTRY--PERSONAL NAME
Personal name Bellune, Claude-Victor Perrin,
Titles and words associated with a name duc de,
Dates associated with a name 1764-1841.
245 00 - TITLE STATEMENT
Title Proclamation of Claude-Victor Perrin, duc de Bellune,
Inclusive dates circa 1802.
300 ## - PHYSICAL DESCRIPTION
Extent 1
Type of unit item.
506 0# - RESTRICTIONS ON ACCESS NOTE
Terms governing access Open to research.
520 8# - SUMMARY, ETC.
Summary, etc. Transcript of a proclamation issued by Bellune as Napoleon I's captain-general in Louisiana notifying its citizens that the territory had been ceded by Spain to France.
533 ## - REPRODUCTION NOTE
Type of reproduction Typewritten transcript.
Place of reproduction [S.l.].
545 0# - BIOGRAPHICAL OR HISTORICAL DATA
Biographical or historical data French public official and army officer. Full name: Claude-Victor Perrin. Known as Victor. Named duc de Bellune in 1808.
546 ## - LANGUAGE NOTE
Language note Collection material in French, with English translation.
580 ## - LINKING ENTRY COMPLEXITY NOTE
Linking entry complexity note Forms part of: Miscellaneous Manuscripts collection.
600 00 - SUBJECT ADDED ENTRY--PERSONAL NAME
Personal name Napoleon
Numeration I,
Titles and other words associated with a name Emperor of the French,
Dates associated with a name 1769-1821
General subdivision Relations with Americans.
600 10 - SUBJECT ADDED ENTRY--PERSONAL NAME
Personal name Napoleon
Numeration I,
Titles and other words associated with a name Emperor of the French,
Dates associated with a name 1769-1821
General subdivision Contemporaries.
651 #0 - SUBJECT ADDED ENTRY--GEOGRAPHIC NAME
Geographic name France
General subdivision Colonies
Geographic subdivision America.
651 #0 - SUBJECT ADDED ENTRY--GEOGRAPHIC NAME
Geographic name France
General subdivision Foreign relations
Geographic subdivision Spain.
651 #0 - SUBJECT ADDED ENTRY--GEOGRAPHIC NAME
Geographic name Louisiana
General subdivision History
Chronological subdivision To 1803.
651 #0 - SUBJECT ADDED ENTRY--GEOGRAPHIC NAME
Geographic name Spain
General subdivision Colonies
Geographic subdivision America.
651 #0 - SUBJECT ADDED ENTRY--GEOGRAPHIC NAME
Geographic name Spain
General subdivision Foreign relations
Geographic subdivision France.
656 #7 - INDEX TERM--OCCUPATION
Occupation Army officers, French.
Source of term itoamc
656 #7 - INDEX TERM--OCCUPATION
Occupation Public officials
Geographic subdivision France.
Source of term itoamc

No items available.

Powered by Koha